| 000 | 00439nam a2200121Ia 4500 | ||
|---|---|---|---|
| 008 | 130320s9999 xx 000 0 und d | ||
| 100 | _aShanthi Priya Chilakapati | ||
| 245 | _aImpression and billing reports generation using JSP, ECLIPSE and CRYSTAL report | ||
| 502 |
_bMS IT _c2010-2012 _dINT _eThomas _fShiva (Kiosk Mint Networks Pvt. Ltd.) _gKiosk Mint Networks Pvt. Ltd.,Hyderabad |
||
| 650 | _aECLIPSE | ||
| 650 | _aJSP | ||
| 650 | _aMYSQL | ||
| 999 |
_c2896 _d2896 |
||